| 000 | 01230nam a2200337Ia 4500 | ||
|---|---|---|---|
| 001 | MIU01100000000000000000290 | ||
| 003 | MiU | ||
| 005 | 20231010141452.0 | ||
| 008 | 150714r19891984enka sb 001 0 eng d | ||
| 007 | cr mnummmmuuuu | ||
| 040 |
_aMiU _cMiU |
||
| 024 | 7 |
_a2027/heb30670 _2hdl |
|
| 090 |
_aBX9750.S44 _b(INTERNET) |
||
| 100 | 1 |
_aBarker, Eileen, _d1938- _949342 |
|
| 245 | 1 | 4 |
_aThe making of a Moonie _h[electronic resource] : _bchoice or brainwashing? / _cEileen Barker. |
| 300 |
_aix, 305 p. : _bill. ; _c24 cm. |
||
| 500 | _aReprint. Originally published: 1984. | ||
| 504 | _aIncludes bibliographical references (p. [260]-299) and index. | ||
| 588 | _aDescription based on print version. | ||
| 610 | 2 | 0 |
_aUnification Church. _949343 |
| 830 | 0 |
_aACLS Humanities E-Book. _949344 |
|
| 856 | 4 | 0 |
_zVolltext _uhttps://hdl.handle.net/2027/heb30670 |
| 942 | _cEB | ||
| 500 | _aE-Book-ACLS / Zugriff nur im DHI-Lesesaal | ||
| 336 |
_2rdacontent _btxt _aText |
||
| 337 |
_2rdamedia _bbc _aComputermedien |
||
| 338 |
_2rdacarrier _bcr _aOnline Ressource |
||
| 264 |
_aOxford : _bBasil Blackwell, _c1989. |
||
| 041 | _aeng | ||
| 500 | _aAmerican Council of Learned Societies/ https://www.humanitiesebook.org/about/ | ||
| 999 |
_c67931 _d67931 |
||